000 00821nam a2200241 i 4500
003 DO-SdBNP
005 20230714145626.0
006 a||||ar|||| 00| 0
007 ta
008 230714n? dr a|||| |||| 00| j spa d
040 _aDO-SdBNP
_bspa
_cBNPHU
_erda
082 4 _222
_bC965q
245 0 0 _aCuentos que contar:
_bsegundo concurso de cuentos infantiles. /
_cPresentación, Manuel Lara Hernández
264 _aSanto Domingo :
_bBanreseras,
_c[sin fecha]
300 _a58 páginas :
_bIlustraciones ;
_c25 cm.
336 _2rdacontent
_atexto
_btxt
337 _2rdamedia
_asin medición
_bn
338 _2rdacarrier
_avolumen
_bnc
590 _aInventariado 2023 / MF
700 2 _aLara Hernández, Manuel,
_923055
_epresentación
710 2 _aBanco de Reservas de la República Dominicana
_96285
942 _2ddc
_cLBS1
999 _c54177
_d54177